[Event "Bhubaneswar op-A 13th"]
[Site "Bhubaneswar"]
[Date "2022.05.26"]
[Round "7"]
[White "Shiva, Pavan Teja Sharma U"]
[Black "Konguvel, Ponnuswamy"]
[Result "1-0"]
[WhiteElo "2064"]
[BlackElo "2331"]
[PlyCount "91"]
[EventDate "2022.05.22"]
[EventType "swiss"]
[EventRounds "10"]
[EventCountry "IND"]
[SourceTitle "CBM 208 Extra"]
[Source "ChessBase"]
[SourceDate "2022.07.31"]
[SourceVersion "1"]
[SourceVersionDate "2022.07.31"]
[SourceQuality "1"]

1. e4 c5 2. Nf3 g6 3. c3 d5 4. exd5 Qxd5 5. d4 Bg7 6. Na3 cxd4 7. Nb5 Na6 8. Nbxd4 Nf6 9. Bb5+ Bd7 10. Bxa6 bxa6 11. 0-0 0-0 12. Re1 Rfe8 13. Ne5 Rab8 14. c4 Qd6 15. h3 Rbd8 16. Ndf3 Bxh3 17. Qxd6 exd6 18. Nxf7 Rxe1+ 19. Nxe1 Kxf7 20. gxh3 Rc8 21. Be3 Rxc4 22. Rd1 Ne4 23. b3 Rc7 24. Kg2 Be5 25. Nd3 Ke6 26. f4 Bf6 27. Kf3 d5 28. Nb4 Nc3 29. Nxa6 Rc8 30. Rd2 Ne4 31. Rd3 Be7 32. b4 Rc2 33. a3 Rh2 34. Nc7+ Kf7 35. Nxd5 Nf6 36. Nxf6 Bxf6 37. Rd7+ Ke6 38. Rxa7 Rxh3+ 39. Ke4 h5 40. b5 Rh1 41. b6 Rb1 42. b7 Be7 43. Ra6+ Kd7 44. Rb6 Rxb6 45. Bxb6 Bd6 46. Ba7 1-0

[Event "Guwahati op 1st"]
[Site "Guwahati"]
[Date "2022.03.15"]
[Round "3"]
[White "Shyam, Nikil P"]
[Black "Shiva, Pavan Teja Sharma U"]
[Result "1-0"]
[WhiteElo "2442"]
[BlackElo "2022"]
[PlyCount "127"]
[EventDate "2022.03.14"]
[EventType "swiss"]
[EventRounds "10"]
[EventCountry "IND"]
[SourceTitle "CBM 207 Extra"]
[Source "ChessBase"]
[SourceDate "2022.05.31"]
[SourceVersion "1"]
[SourceVersionDate "2022.05.31"]
[SourceQuality "1"]

1. e4 c6 2. c4 d5 3. exd5 cxd5 4. cxd5 Nf6 5. Nc3 Nxd5 6. Nf3 e6 7. d4 Be7 8. Bd3 Nc6 9. 0-0 0-0 10. Qe2 Ncb4 11. Bc4 b6 12. Ne4 Nf6 13. a3 Nxe4 14. Qxe4 Ba6 15. Bxa6 Nxa6 16. Bf4 Nc7 17. Bxc7 Qxc7 18. Rac1 Qd8 19. Ne5 Bf6 20. Nc6 Qd6 21. Rc3 Rac8 22. Nxa7 Rxc3 23. bxc3 Qxa3 24. Nb5 Qb3 25. Qc6 h6 26. g3 Rd8 27. Ra1 Kh7 28. Nd6 Rxd6 29. Qxd6 Qxc3 30. Rd1 Qc2 31. Rf1 Qd3 32. Qxb6 Bxd4 33. Qb1 Qxb1 34. Rxb1 h5 35. Rb4 Bc5 36. Rb5 Bd4 37. Rxh5+ Kg6 38. Rb5 Kh6 39. Kg2 g5 40. Rb4 Bc5 41. Rc4 Bd6 42. h4 gxh4 43. gxh4 Kg6 44. Kh3 Be7 45. Rg4+ Kh6 46. Rg8 Bc5 47. Kg3 Kh7 48. Rc8 Bd4 49. Rc4 Bb6 50. f4 Bd8 51. Kg4 Kg6 52. Rc8 Bf6 53. Rc6 Kh7 54. h5 Kg7 55. f5 exf5+ 56. Kxf5 Bb2 57. h6+ Kh7 58. Kg5 Bd4 59. Kh5 Be3 60. Rf6 Kg8 61. Rf3 Bd4 62. Rd3 Be5 63. Rd8+ Kh7 64. Rf8 1-0

[Event "Mumbai Wealth op 5th"]
[Site "Mumbai"]
[Date "2020.01.01"]
[Round "3"]
[White "Gupta, Abhijeet"]
[Black "Shiva, Pavan Teja Sharma U"]
[Result "1-0"]
[WhiteElo "2611"]
[BlackElo "2072"]
[PlyCount "97"]
[EventDate "2019.12.30"]
[EventType "swiss"]
[EventRounds "9"]
[EventCountry "IND"]
[SourceTitle "CBM 194 Extra"]
[Source "ChessBase"]
[SourceDate "2020.03.31"]
[SourceVersion "1"]
[SourceVersionDate "2020.03.31"]
[SourceQuality "1"]

1. d4 Nf6 2. c4 e6 3. Nf3 b6 4. a3 Bb7 5. Nc3 d5 6. cxd5 Nxd5 7. e3 g6 8. Bb5+ c6 9. Bd3 Bg7 10. h4 Nxc3 11. bxc3 Nd7 12. h5 c5 13. a4 Rc8 14. a5 0-0 15. a6 Ba8 16. Ba3 Re8 17. Bb5 Bc6 18. Bxc6 Rxc6 19. Qa4 Qc8 20. Qb5 Rd8 21. Bb2 cxd4 22. cxd4 Rc2 23. 0-0 Qc4 24. Qxc4 Rxc4 25. Ba3 gxh5 26. Nd2 Rc6 27. Ne4 Bf8 28. Bxf8 Kxf8 29. Rfb1 f5 30. Ng5 Nf6 31. Rc1 Rdd6 32. Nf3 b5 33. Rc5 Rxa6 34. Rac1 b4 35. Rc8+ Ke7 36. Ne5 Ne8 37. Nc6+ Kf7 38. Nxb4 Rab6 39. Nc6 Ra6 40. Kh2 Ra2 41. Rb1 Rxc6 42. Rxc6 Rxf2 43. Rb7+ Kf6 44. d5 Ng7 45. Rcc7 f4 46. Rf7+ Ke5 47. exf4+ Rxf4 48. Rxf4 Kxf4 49. d6 1-0

[Event "Dubai op 21st"]
[Site "Dubai"]
[Date "2019.04.03"]
[Round "3"]
[White "Shiva, Pavan Teja Sharma U"]
[Black "Akash, G."]
[Result "0-1"]
[WhiteElo "2093"]
[BlackElo "2411"]
[PlyCount "128"]
[EventDate "2019.04.01"]
[EventType "swiss"]
[EventRounds "9"]
[EventCountry "UAE"]
[SourceTitle "CBM 189 Extra"]
[Source "ChessBase"]
[SourceDate "2019.06.03"]
[SourceVersion "1"]
[SourceVersionDate "2019.06.03"]
[SourceQuality "1"]

1. e4 c5 2. Nf3 d6 3. Bb5+ Nd7 4. 0-0 a6 5. Bxd7+ Bxd7 6. d4 cxd4 7. Qxd4 Rc8 8. Nc3 e5 9. Qd3 h6 10. Be3 Nf6 11. h3 Be7 12. Rfd1 0-0 13. Rac1 Be6 14. b3 b5 15. a4 Qc7 16. Bd2 b4 17. Ne2 Qb7 18. Ng3 Nd7 19. Nh2 Nc5 20. Qe2 Bh4 21. Nf5 Bxf5 22. exf5 Ne4 23. Be3 Bg5 24. Bxg5 hxg5 25. f6 Nxf6 26. Rxd6 Ne4 27. Rd3 Nc3 28. Qd2 e4 29. Rd4 Qb6 30. Re1 Rcd8 31. Rxd8 Rxd8 32. Qxg5 Rd5 33. Qg4 f5 34. Qg5 Kh7 35. Nf1 Qg6 36. Qh4+ Qh6 37. Qe7 Qd6 38. Qe8 Re5 39. Qf7 Qe7 40. Qc4 Qd6 41. Qf7 Qe6 42. Qb7 a5 43. Ne3 f4 44. Ng4 Rg5 45. Qc7 Qf5 46. Qd6 f3 47. gxf3 exf3 48. Qd3 Qxd3 49. cxd3 Rd5 50. Re3 Ne2+ 51. Kh2 Nd4 52. Ne5 Nxb3 53. Nc4 Nd4 54. Re4 Ne2 55. Re3 Rf5 56. Nd2 Nc3 57. d4 Nxa4 58. Kg3 Nc3 59. Nxf3 a4 60. Nd2 Rd5 61. Rd3 Rxd4 62. Rxd4 Ne2+ 63. Kf3 Nxd4+ 64. Ke4 Nb3 0-1

[Event "Sharjah Masters 3rd"]
[Site "Sharjah"]
[Date "2019.03.27"]
[Round "6"]
[White "Dimakiling, Oliver"]
[Black "Shiva, Pavan Teja Sharma U"]
[Result "1-0"]
[WhiteElo "2423"]
[BlackElo "2093"]
[PlyCount "66"]
[EventDate "2019.03.22"]
[EventType "swiss"]
[EventRounds "9"]
[EventCountry "UAE"]
[SourceTitle "CBM 189 Extra"]
[Source "ChessBase"]
[SourceDate "2019.06.03"]
[SourceVersion "1"]
[SourceVersionDate "2019.06.03"]
[SourceQuality "1"]

1. c4 e5 2. Nc3 Nf6 3. Nf3 Nc6 4. e4 Bc5 5. Nxe5 Nxe5 6. d4 Bb4 7. dxe5 Nxe4 8. Qf3 Ng5 9. Qg3 Ne6 10. a3 Bxc3+ 11. Qxc3 b6 12. Be3 Bb7 13. 0-0-0 Qe7 14. f3 0-0-0 15. Bd3 Bc6 16. b4 Kb8 17. c5 d5 18. exd6 cxd6 19. cxb6 axb6 20. Kb1 Rc8 21. Qd2 b5 22. f4 g6 23. f5 Nc7 24. Rhe1 Qd7 25. Bc2 Nd5 26. Bd4 Rhe8 27. Rf1 Qe7 28. Rde1 Qh4 29. g3 Qg4 30. f6 Bd7 31. Kb2 Rc4 32. Rxe8+ Bxe8 33. Rd1 Rc6 1-0

[Event "Sharjah Masters 3rd"]
[Site "Sharjah"]
[Date "2019.03.25"]
[Round "4"]
[White "Shyam, Nikil P"]
[Black "Shiva, Pavan Teja Sharma U"]
[Result "1-0"]
[WhiteElo "2429"]
[BlackElo "2093"]
[PlyCount "45"]
[EventDate "2019.03.22"]
[EventType "swiss"]
[EventRounds "9"]
[EventCountry "UAE"]
[SourceTitle "CBM 189 Extra"]
[Source "ChessBase"]
[SourceDate "2019.06.03"]
[SourceVersion "1"]
[SourceVersionDate "2019.06.03"]
[SourceQuality "1"]

1. Nf3 Nf6 2. g3 d5 3. Bg2 e6 4. c4 Be7 5. d4 0-0 6. Qc2 dxc4 7. Qxc4 Nbd7 8. 0-0 c5 9. dxc5 Nxc5 10. Nc3 Bd7 11. Ne5 Rc8 12. Nxd7 Qxd7 13. Rd1 Qe8 14. Qf4 b6 15. Be3 Rd8 16. Rxd8 Qxd8 17. b4 Ncd7 18. Nb5 a5 19. a3 e5 20. Qc4 Qb8 21. Rc1 Rd8 22. bxa5 Bc5 23. a6 1-0

[Event "Sharjah Masters 3rd"]
[Site "Sharjah"]
[Date "2019.03.22"]
[Round "1"]
[White "Shiva, Pavan Teja Sharma U"]
[Black "Fier, Alexandr"]
[Result "0-1"]
[WhiteElo "2093"]
[BlackElo "2551"]
[PlyCount "74"]
[EventDate "2019.03.22"]
[EventType "swiss"]
[EventRounds "9"]
[EventCountry "UAE"]
[SourceTitle "CBM 189 Extra"]
[Source "ChessBase"]
[SourceDate "2019.06.03"]
[SourceVersion "1"]
[SourceVersionDate "2019.06.03"]
[SourceQuality "1"]

1. e4 c5 2. Nf3 e6 3. d3 Nc6 4. g3 g6 5. Bg2 Bg7 6. 0-0 Nge7 7. c3 0-0 8. Na3 d5 9. Qe2 b6 10. e5 Ba6 11. Bf4 b5 12. Nc2 Rc8 13. Rfd1 d4 14. cxd4 cxd4 15. Bg5 Re8 16. Rac1 Qb6 17. Qe4 Bb7 18. Qe2 Nd5 19. h4 h6 20. Bd2 b4 21. Qe4 Nde7 22. Nfxd4 Nxd4 23. Qxd4 Qxd4 24. Nxd4 Bxg2 25. Kxg2 Bxe5 26. Nf3 Bxb2 27. Rxc8 Rxc8 28. Bxb4 Nd5 29. Bd2 Kg7 30. Be3 a5 31. Kf1 a4 32. Bd2 a3 33. d4 Rc2 34. Ne1 Rc4 35. Be3 Nc3 36. Rd3 Nxa2 37. d5 Nb4 0-1

[Event "Chennai op 11th"]
[Site "Chennai"]
[Date "2019.01.19"]
[Round "2"]
[White "Paichadze, Luka"]
[Black "Shiva, Pavan Teja Sharma U"]
[Result "1-0"]
[WhiteElo "2583"]
[BlackElo "2048"]
[PlyCount "90"]
[EventDate "2019.01.18"]
[EventType "swiss"]
[EventRounds "10"]
[EventCountry "IND"]
[SourceTitle "CBM 188 Extra"]
[Source "ChessBase"]
[SourceDate "2019.02.26"]
[SourceVersion "1"]
[SourceVersionDate "2019.02.26"]
[SourceQuality "1"]

1. e4 c6 2. d4 d5 3. e5 Bf5 4. h4 h5 5. c4 dxc4 6. Bxc4 e6 7. Nc3 Ne7 8. Bg5 Nd7 9. Nge2 f6 10. exf6 gxf6 11. Be3 Nb6 12. Bd3 Qd7 13. 0-0 0-0-0 14. Ng3 Bxd3 15. Qxd3 Ned5 16. Rfe1 Be7 17. a4 f5 18. a5 Nb4 19. Qe2 N6d5 20. Nxd5 Nxd5 21. Bd2 Bxh4 22. a6 Bxg3 23. axb7+ Kxb7 24. fxg3 Nc7 25. Be3 Nb5 26. Bf2 Rde8 27. Qc4 Rhg8 28. Re5 Rg4 29. Ra5 Re4 30. Rc5 e5 31. Rxc6 Nxd4 32. Rc7+ Qxc7 33. Rxa7+ Kxa7 34. Qxc7+ Ka8 35. b4 Rb8 36. Kh2 Rb7 37. Qa5+ Kb8 38. Bxd4 exd4 39. Qxf5 Rbe7 40. Qb5+ Rb7 41. Qd5 Rg4 42. b5 Rbg7 43. Qxh5 R4g5 44. Qh4 Kb7 45. Qxd4 Kb8 1-0

[Event "Gujarat op 1st"]
[Site "Ahmedabad"]
[Date "2018.10.12"]
[Round "10"]
[White "Raahul, VS."]
[Black "Shiva, Pavan Teja Sharma U"]
[Result "1-0"]
[WhiteElo "2294"]
[BlackElo "2005"]
[PlyCount "59"]
[EventDate "2018.10.05"]
[EventType "swiss"]
[EventRounds "10"]
[EventCountry "IND"]
[SourceTitle "CBM 186 Extra"]
[Source "ChessBase"]
[SourceDate "2018.08.24"]
[SourceVersion "1"]
[SourceVersionDate "2018.08.24"]
[SourceQuality "1"]

1. c4 c6 2. d4 d5 3. Nf3 Nf6 4. g3 e6 5. Nbd2 Be7 6. Bg2 0-0 7. 0-0 Nbd7 8. Qc2 b6 9. e4 Bb7 10. e5 Ne8 11. b3 Rc8 12. Bb2 Nc7 13. Rac1 c5 14. Rfd1 b5 15. dxc5 Bxc5 16. Qd3 bxc4 17. Nxc4 Ba6 18. Qd2 Qe7 19. Na5 Nb5 20. Qf4 f6 21. Qh4 fxe5 22. Qxe7 Bxe7 23. Nc6 Bf6 24. Bf1 Nd4 25. Nfxd4 Bxf1 26. Nxe6 Rfe8 27. Kxf1 Rxe6 28. Ne7+ Rxe7 29. Rxc8+ Kf7 30. Ba3 1-0

[Event "Gujarat op 1st"]
[Site "Ahmedabad"]
[Date "2018.10.10"]
[Round "8"]
[White "Shiva, Pavan Teja Sharma U"]
[Black "Srija, Seshadri"]
[Result "1/2-1/2"]
[WhiteElo "2005"]
[BlackElo "2246"]
[PlyCount "73"]
[EventDate "2018.10.05"]
[EventType "swiss"]
[EventRounds "10"]
[EventCountry "IND"]
[SourceTitle "CBM 186 Extra"]
[Source "ChessBase"]
[SourceDate "2018.08.24"]
[SourceVersion "1"]
[SourceVersionDate "2018.08.24"]
[SourceQuality "1"]

1. e4 e5 2. Nf3 Nc6 3. Bb5 a6 4. Ba4 Nf6 5. 0-0 b5 6. Bb3 Bc5 7. Nxe5 Nxe5 8. d4 Bxd4 9. Qxd4 d6 10. Qd1 0-0 11. f3 c5 12. Bd5 Nxd5 13. Qxd5 Be6 14. Qd1 f5 15. Nc3 Ra7 16. Bf4 Rd7 17. b3 Ng6 18. Qd2 Nxf4 19. Qxf4 Qf6 20. Qd2 Qg6 21. Rae1 fxe4 22. Nxe4 h5 23. c3 Bf5 24. Qd5+ Kh7 25. h4 Bxe4 26. Rxe4 Rdf7 27. Re6 Rf6 28. Rfe1 a5 29. Qxd6 Re8 30. Rxf6 Rxe1+ 31. Kf2 Qb1 32. Re6 Rg1 33. Rh6+ gxh6 34. Qe7+ Kg6 35. Qe6+ Kg7 36. Qe7+ Kg6 37. Qe6+ 1/2-1/2

[Event "Gujarat op 1st"]
[Site "Ahmedabad"]
[Date "2018.10.09"]
[Round "7"]
[White "Shiva, Pavan Teja Sharma U"]
[Black "Kulkarni, Vinayak"]
[Result "1-0"]
[WhiteElo "2005"]
[BlackElo "2203"]
[PlyCount "69"]
[EventDate "2018.10.05"]
[EventType "swiss"]
[EventRounds "10"]
[EventCountry "IND"]
[SourceTitle "CBM 186 Extra"]
[Source "ChessBase"]
[SourceDate "2018.08.24"]
[SourceVersion "1"]
[SourceVersionDate "2018.08.24"]
[SourceQuality "1"]

1. e4 d5 2. exd5 Qxd5 3. Nf3 Nf6 4. Nc3 Qd6 5. d4 g6 6. Bc4 Bg7 7. 0-0 0-0 8. h3 a6 9. Qe2 b5 10. Bd3 Bb7 11. Ne4 Nxe4 12. Bxe4 Nc6 13. c3 Rab8 14. Bg5 Rfe8 15. Rad1 h6 16. Bc1 e6 17. Rfe1 Ne7 18. Bxb7 Rxb7 19. Ne5 Nd5 20. Qf3 c6 21. b3 c5 22. dxc5 Qxc5 23. c4 bxc4 24. bxc4 Bxe5 25. Rxe5 Qxc4 26. Bxh6 f6 27. Re4 Qc6 28. Rg4 Kf7 29. Bg5 Qc3 30. Be3 Nxe3 31. fxe3 Rc7 32. Qg3 Qc2 33. Rf1 Rc4 34. Qh4 Rec8 35. Qxf6+ 1-0

[Event "Bhopal op"]
[Site "Bhopal"]
[Date "2017.12.22"]
[Round "2"]
[White "Rathanvel, VS."]
[Black "Shiva, Pavan Teja Sharma U"]
[Result "1/2-1/2"]
[WhiteElo "2323"]
[BlackElo "1944"]
[PlyCount "78"]
[EventDate "2017.12.21"]
[EventType "swiss"]
[EventRounds "10"]
[EventCountry "IND"]
[SourceTitle "CBM 182 Extra"]
[Source "ChessBase"]
[SourceDate "2018.02.23"]
[SourceVersion "1"]
[SourceVersionDate "2018.02.23"]
[SourceQuality "1"]

1. e4 c5 2. Nf3 d6 3. d4 cxd4 4. Nxd4 Nf6 5. Nc3 a6 6. Be2 e5 7. Nb3 Be7 8. 0-0 0-0 9. Kh1 Be6 10. f4 exf4 11. Bxf4 Nc6 12. Qe1 Qc7 13. Qg3 Ne5 14. Nd4 Ng6 15. Bg5 Rac8 16. Nf5 d5 17. Nxe7+ Nxe7 18. Bf4 Qb6 19. Bd6 Rxc3 20. Qxc3 Nxe4 21. Bc7 Nf2+ 22. Rxf2 Qxf2 23. Bd3 Rc8 24. Rf1 Qh4 25. Bg3 Qa4 26. Qe5 Ng6 27. Qd6 Qd4 28. b3 Qc5 29. Qxc5 Rxc5 30. a4 Rc8 31. Kg1 Ne7 32. Bd6 Nc6 33. Rf4 Rd8 34. Bc7 Rc8 35. Bd6 Rd8 36. Bc7 Rc8 37. Bd6 Rd8 38. Bc7 Rc8 39. Bd6 Rd8 1/2-1/2